Il libro dei nomi di battesimo /

Saved in:
Bibliografiske detaljer
Main Authors: Fruttero, Carlo (Author), Lucentini, Franco (Author)
Format: Bog
Sprog:italiensk
Udgivet: Milano : A. Mondadori, 1976
Udgivelse:Nuova ed
Serier:Biblioteca di Grazia
Fag:
Tags: Tilføj Tag
Ingen Tags, Vær først til at tagge denne postø!

MARC

LEADER 00000nam a22000007i 4500
001 IT\ICCU\SBL\0589147
003 ItRI
005 20260115232239.0
008 910930s1976 it |||||| ||||| |||||c
015 |2 IT  |a 778689 
040 |b ita  |c importazione bologna sebina 
041 7 |a ita  |2 ISO-639-2 
082 |a 453  |9 LINGUA ITALIANA. DIZIONARI  |2 18 
100 1 |a Fruttero, Carlo  |0 IT\ICCU\CFIV\007373  |4 aut 
245 1 3 |a Il libro dei nomi di battesimo /  |c Carlo Fruttero, Franco Lucentini. 
250 |a Nuova ed 
260 |a  Milano :  |b A. Mondadori,  |c 1976 
300 |a XI, 207 p. ;  |c 20 cm 
650 7 |a Nomi propri di persona italiani  |2 scbi 
700 1 |a Lucentini, Franco  |0 IT\ICCU\CFIV\007375  |4 aut 
830 0 |a Biblioteca di Grazia  |0 IT\ICCU\SBL\0167879 
942 |2 ddc  |c BK  |n 0 
952 |0 0  |1 0  |4 0  |6 DOC_929_440000000000000_FRU  |7 0  |9 22830  |a BO  |b BO  |d 2026-01-15  |i 14290  |l 0  |o DOC 929.440 FRU  |p BO14290  |r 2026-01-15 23:22:39  |w 2026-01-15  |x [Sebina 5] [1 v.]  |y BK  |z 1 v. 
999 |c 19486  |d 19486